000 00327 a2200145 4500
001 162754
020 _a
040 _cMagnum
100 _aByrne, Donn
240 1 0 _aGandhi: his life was the message
_lING
245 1 0 _aGandhi: his life was the message
362 0 _a1899
697 _aLITERATURA ESTRANGEIRA
942 _cBK
999 _c162754
_d162754